<?xml version="1.0" encoding="UTF-8"?>
<record
    xmlns:xsi="http://www.w3.org/2001/XMLSchema-instance"
    xsi:schemaLocation="http://www.loc.gov/MARC21/slim http://www.loc.gov/standards/marcxml/schema/MARC21slim.xsd"
    xmlns="http://www.loc.gov/MARC21/slim">

  <leader>02838nam0a22003731  4500</leader>
  <controlfield tag="001">rc\3344080</controlfield>
  <controlfield tag="005">20250609182410.0</controlfield>
  <datafield tag="021" ind1=" " ind2=" ">
    <subfield code="a">RU</subfield>
    <subfield code="b">[83-2528]</subfield>
  </datafield>
  <datafield tag="035" ind1=" " ind2=" ">
    <subfield code="a">(NLR Aleph) 007432488</subfield>
  </datafield>
  <datafield tag="090" ind1=" " ind2=" ">
    <subfield code="a">7030427</subfield>
    <subfield code="c">7030427</subfield>
  </datafield>
  <datafield tag="100" ind1=" " ind2=" ">
    <subfield code="a">20130115d1982    |||y0rusy50      ca</subfield>
  </datafield>
  <datafield tag="101" ind1="0" ind2=" ">
    <subfield code="a">rus</subfield>
  </datafield>
  <datafield tag="102" ind1=" " ind2=" ">
    <subfield code="a">RU</subfield>
  </datafield>
  <datafield tag="105" ind1=" " ind2=" ">
    <subfield code="a">y   z   |||a|</subfield>
  </datafield>
  <datafield tag="200" ind1="1" ind2=" ">
    <subfield code="a">&#x422;&#x43E;&#x447;&#x43A;&#x430; &#x43E;&#x43F;&#x43E;&#x440;&#x44B;</subfield>
    <subfield code="e">&#x41F;&#x43E;&#x432;&#x435;&#x441;&#x442;&#x438; &#x438; &#x440;&#x430;&#x441;&#x441;&#x43A;&#x430;&#x437;&#x44B;</subfield>
    <subfield code="e">[4]</subfield>
    <subfield code="f">[&#x41F;&#x43E;&#x441;&#x43B;&#x435;&#x441;&#x43B;. &#x415;. &#x41A;&#x443;&#x442;&#x443;&#x437;&#x43E;&#x432;&#x430;]</subfield>
  </datafield>
  <datafield tag="210" ind1=" " ind2=" ">
    <subfield code="a">&#x41B;&#x435;&#x43D;&#x438;&#x43D;&#x433;&#x440;&#x430;&#x434;</subfield>
    <subfield code="c">&#x41B;&#x435;&#x43D;&#x438;&#x437;&#x434;&#x430;&#x442;</subfield>
    <subfield code="d">1982</subfield>
  </datafield>
  <datafield tag="215" ind1=" " ind2=" ">
    <subfield code="a">351 &#x441;.</subfield>
    <subfield code="d">21</subfield>
  </datafield>
  <datafield tag="327" ind1="1" ind2=" ">
    <subfield code="a">&#x421;&#x43E;&#x434;&#x435;&#x440;&#x436;.: &#x41F;&#x43E;&#x432;&#x435;&#x441;&#x442;&#x438;: &#x41F;&#x43E;&#x43A;&#x430; &#x43D;&#x435; &#x432;&#x44B;&#x43F;&#x430;&#x43B; &#x441;&#x43D;&#x435;&#x433; / &#x412;. &#x420;&#x435;&#x43A;&#x448;&#x430;&#x43D;. &#x412;&#x43D;&#x438;&#x437; &#x43F;&#x43E; &#x440;&#x435;&#x43A;&#x435; / &#x41D;. &#x428;&#x443;&#x43C;&#x430;&#x43A;&#x43E;&#x432;. &#x41F;&#x440;&#x438;&#x43A;&#x43E;&#x441;&#x43D;&#x43E;&#x432;&#x435;&#x43D;&#x438;&#x435; / &#x415;. &#x422;&#x443;&#x438;&#x43D;&#x43E;&#x432;. &#x413;&#x43E;&#x440;&#x441;&#x442;&#x44C; &#x431;&#x430;&#x431;&#x443;&#x448;&#x43A;&#x438;&#x43D;&#x44B;&#x445; &#x434;&#x43D;&#x435;&#x439; / &#x410;. &#x428;&#x438;&#x440;&#x43E;&#x432;. "&#x410;&#x445;, &#x422;&#x438;&#x442;&#x43E;&#x432;, &#x422;&#x438;&#x442;&#x43E;&#x432; ..." / &#x41E;. &#x41D;&#x43E;&#x441;&#x43E;&#x432;. &#x41A;&#x430;&#x43C;&#x44B;&#x448;&#x43E;&#x432;&#x44B;&#x435; &#x441;&#x442;&#x440;&#x430;&#x43D;&#x43D;&#x438;&#x43A;&#x438; / &#x410;. &#x421;&#x442;&#x435;&#x440;&#x43B;&#x438;&#x43A;&#x43E;&#x432;. &#x420;&#x430;&#x441;&#x441;&#x43A;&#x430;&#x437;&#x44B;: &#x412;&#x441;&#x435;&#x43C; &#x43F;&#x430;&#x43C;&#x44F;&#x442;&#x43D;&#x438;&#x43A;&#x438; / &#x410;. &#x421;&#x43A;&#x43E;&#x43A;&#x43E;&#x432;. &#x414;&#x430;&#x447;&#x43D;&#x44B;&#x439; &#x440;&#x430;&#x441;&#x441;&#x43A;&#x430;&#x437; / &#x418;. &#x411;&#x43E;&#x440;&#x438;&#x441;&#x43E;&#x432;&#x430;. &#x422;&#x440;&#x438;&#x434;&#x446;&#x430;&#x442;&#x44C; &#x43C;&#x435;&#x442;&#x440;&#x43E;&#x432; &#x441;&#x430;&#x442;&#x438;&#x43D;&#x430; / &#x414;. &#x41C;&#x430;&#x43A;&#x430;&#x440;&#x43E;&#x432;&#x430;. &#x41B;&#x435;&#x441;&#x43D;&#x43E;&#x439; &#x434;&#x435;&#x434; / &#x410;. &#x421;&#x442;&#x435;&#x43F;&#x430;&#x43D;&#x43E;&#x432;, &#x438; &#x440;&#x430;&#x441;&#x441;&#x43A;&#x430;&#x437;&#x44B; &#x434;&#x440;. &#x430;&#x432;&#x442;.</subfield>
  </datafield>
  <datafield tag="464" ind1=" " ind2="0">
    <subfield code="1">2001#$a&#x412;&#x441;&#x435;&#x43C; &#x43F;&#x430;&#x43C;&#x44F;&#x442;&#x43D;&#x438;&#x43A;&#x438;$e&#x420;&#x430;&#x441;&#x441;&#x43A;&#x430;&#x437;</subfield>
    <subfield code="1">700#1$a&#x421;&#x43A;&#x43E;&#x43A;&#x43E;&#x432;$b&#x410;.</subfield>
    <subfield code="t">&#x412;&#x441;&#x435;&#x43C; &#x43F;&#x430;&#x43C;&#x44F;&#x442;&#x43D;&#x438;&#x43A;&#x438;</subfield>
    <subfield code="a">&#x421;&#x43A;&#x43E;&#x43A;&#x43E;&#x432;, &#x410;.</subfield>
  </datafield>
  <datafield tag="464" ind1=" " ind2="0">
    <subfield code="1">2001#$a&#x41A;&#x430;&#x43C;&#x44B;&#x448;&#x43E;&#x432;&#x44B;&#x435; &#x441;&#x442;&#x440;&#x430;&#x43D;&#x43D;&#x438;&#x43A;&#x438;$e&#x41F;&#x43E;&#x432;&#x435;&#x441;&#x442;&#x44C;</subfield>
    <subfield code="1">700#1$a&#x421;&#x442;&#x435;&#x440;&#x43B;&#x438;&#x43A;&#x43E;&#x432;$b&#x410;.</subfield>
    <subfield code="t">&#x41A;&#x430;&#x43C;&#x44B;&#x448;&#x43E;&#x432;&#x44B;&#x435; &#x441;&#x442;&#x440;&#x430;&#x43D;&#x43D;&#x438;&#x43A;&#x438;</subfield>
    <subfield code="a">&#x421;&#x442;&#x435;&#x440;&#x43B;&#x438;&#x43A;&#x43E;&#x432;, &#x410;.</subfield>
  </datafield>
  <datafield tag="464" ind1=" " ind2="0">
    <subfield code="1">2001#$a&#x414;&#x430;&#x447;&#x43D;&#x44B;&#x439; &#x440;&#x430;&#x441;&#x441;&#x43A;&#x430;&#x437;$e&#x420;&#x430;&#x441;&#x441;&#x43A;&#x430;&#x437;</subfield>
    <subfield code="1">700#1$a&#x411;&#x43E;&#x440;&#x438;&#x441;&#x43E;&#x432;&#x430;$b&#x418;.</subfield>
    <subfield code="t">&#x414;&#x430;&#x447;&#x43D;&#x44B;&#x439; &#x440;&#x430;&#x441;&#x441;&#x43A;&#x430;&#x437;</subfield>
    <subfield code="a">&#x411;&#x43E;&#x440;&#x438;&#x441;&#x43E;&#x432;&#x430;, &#x418;.</subfield>
  </datafield>
  <datafield tag="464" ind1=" " ind2="0">
    <subfield code="1">2001#$a&#x41B;&#x435;&#x441;&#x43D;&#x43E;&#x439; &#x434;&#x435;&#x434;$e&#x420;&#x430;&#x441;&#x441;&#x43A;&#x430;&#x437;</subfield>
    <subfield code="1">700#1$a&#x421;&#x442;&#x435;&#x43F;&#x430;&#x43D;&#x43E;&#x432;$b&#x410;.</subfield>
    <subfield code="t">&#x41B;&#x435;&#x441;&#x43D;&#x43E;&#x439; &#x434;&#x435;&#x434;</subfield>
    <subfield code="a">&#x421;&#x442;&#x435;&#x43F;&#x430;&#x43D;&#x43E;&#x432;, &#x410;.</subfield>
  </datafield>
  <datafield tag="464" ind1=" " ind2="0">
    <subfield code="1">2001#$a&#x422;&#x440;&#x438;&#x434;&#x446;&#x430;&#x442;&#x44C; &#x43C;&#x435;&#x442;&#x440;&#x43E;&#x432; &#x441;&#x430;&#x442;&#x438;&#x43D;&#x430;$e&#x420;&#x430;&#x441;&#x441;&#x43A;&#x430;&#x437;</subfield>
    <subfield code="1">700#1$a&#x41C;&#x430;&#x43A;&#x430;&#x440;&#x43E;&#x432;&#x430;$b&#x414;.</subfield>
    <subfield code="t">&#x422;&#x440;&#x438;&#x434;&#x446;&#x430;&#x442;&#x44C; &#x43C;&#x435;&#x442;&#x440;&#x43E;&#x432; &#x441;&#x430;&#x442;&#x438;&#x43D;&#x430;</subfield>
    <subfield code="a">&#x41C;&#x430;&#x43A;&#x430;&#x440;&#x43E;&#x432;&#x430;, &#x414;.</subfield>
  </datafield>
  <datafield tag="464" ind1=" " ind2="0">
    <subfield code="1">2001#$a"&#x410;&#x445;, &#x422;&#x438;&#x442;&#x43E;&#x432;, &#x422;&#x438;&#x442;&#x43E;&#x432;..."$e&#x41F;&#x43E;&#x432;&#x435;&#x441;&#x442;&#x44C;</subfield>
    <subfield code="1">700#1$a&#x41D;&#x43E;&#x441;&#x43E;&#x432;$b&#x41E;.</subfield>
    <subfield code="t">"&#x410;&#x445;, &#x422;&#x438;&#x442;&#x43E;&#x432;, &#x422;&#x438;&#x442;&#x43E;&#x432;..."</subfield>
    <subfield code="a">&#x41D;&#x43E;&#x441;&#x43E;&#x432;, &#x41E;.</subfield>
  </datafield>
  <datafield tag="464" ind1=" " ind2="0">
    <subfield code="1">2001#$a&#x412;&#x43D;&#x438;&#x437; &#x43F;&#x43E; &#x440;&#x435;&#x43A;&#x435;$e&#x41F;&#x43E;&#x432;&#x435;&#x441;&#x442;&#x44C;</subfield>
    <subfield code="1">700#1$a&#x428;&#x443;&#x43C;&#x430;&#x43A;&#x43E;&#x432;$b&#x41D;.</subfield>
    <subfield code="t">&#x412;&#x43D;&#x438;&#x437; &#x43F;&#x43E; &#x440;&#x435;&#x43A;&#x435;</subfield>
    <subfield code="a">&#x428;&#x443;&#x43C;&#x430;&#x43A;&#x43E;&#x432;, &#x41D;.</subfield>
  </datafield>
  <datafield tag="464" ind1=" " ind2="0">
    <subfield code="1">2001#$a&#x41F;&#x43E;&#x43A;&#x430; &#x43D;&#x435; &#x432;&#x44B;&#x43F;&#x430;&#x43B; &#x441;&#x43D;&#x435;&#x433;$e&#x41F;&#x43E;&#x432;&#x435;&#x441;&#x442;&#x44C;</subfield>
    <subfield code="1">700#1$a&#x420;&#x435;&#x43A;&#x448;&#x430;&#x43D;$b&#x412;.</subfield>
    <subfield code="t">&#x41F;&#x43E;&#x43A;&#x430; &#x43D;&#x435; &#x432;&#x44B;&#x43F;&#x430;&#x43B; &#x441;&#x43D;&#x435;&#x433;</subfield>
    <subfield code="a">&#x420;&#x435;&#x43A;&#x448;&#x430;&#x43D;, &#x412;.</subfield>
  </datafield>
  <datafield tag="464" ind1=" " ind2="0">
    <subfield code="1">2001#$a&#x413;&#x43E;&#x440;&#x441;&#x442;&#x44C; &#x431;&#x430;&#x431;&#x443;&#x448;&#x43A;&#x438;&#x43D;&#x44B;&#x445; &#x434;&#x43D;&#x435;&#x439;$e&#x41F;&#x43E;&#x432;&#x435;&#x441;&#x442;&#x44C;</subfield>
    <subfield code="1">700#1$a&#x428;&#x438;&#x440;&#x43E;&#x432;$b&#x410;.</subfield>
    <subfield code="t">&#x413;&#x43E;&#x440;&#x441;&#x442;&#x44C; &#x431;&#x430;&#x431;&#x443;&#x448;&#x43A;&#x438;&#x43D;&#x44B;&#x445; &#x434;&#x43D;&#x435;&#x439;</subfield>
    <subfield code="a">&#x428;&#x438;&#x440;&#x43E;&#x432;, &#x410;.</subfield>
  </datafield>
  <datafield tag="464" ind1=" " ind2="0">
    <subfield code="1">2001#$a&#x41F;&#x440;&#x438;&#x43A;&#x43E;&#x441;&#x43D;&#x43E;&#x432;&#x435;&#x43D;&#x438;&#x435;$e&#x41F;&#x43E;&#x432;&#x435;&#x441;&#x442;&#x44C;</subfield>
    <subfield code="1">700#1$a&#x422;&#x443;&#x438;&#x43D;&#x43E;&#x432;$b&#x415;.</subfield>
    <subfield code="t">&#x41F;&#x440;&#x438;&#x43A;&#x43E;&#x441;&#x43D;&#x43E;&#x432;&#x435;&#x43D;&#x438;&#x435;</subfield>
    <subfield code="a">&#x422;&#x443;&#x438;&#x43D;&#x43E;&#x432;, &#x415;.</subfield>
  </datafield>
  <datafield tag="702" ind1=" " ind2="1">
    <subfield code="a">&#x41A;&#x443;&#x442;&#x443;&#x437;&#x43E;&#x432;</subfield>
    <subfield code="b">&#x415;.</subfield>
    <subfield code="4">080</subfield>
  </datafield>
  <datafield tag="801" ind1=" " ind2="0">
    <subfield code="a">RU</subfield>
    <subfield code="b">NLR</subfield>
    <subfield code="g">psbo</subfield>
  </datafield>
  <datafield tag="801" ind1=" " ind2="1">
    <subfield code="a">RU</subfield>
    <subfield code="b">ELAR</subfield>
    <subfield code="2">rusmarc</subfield>
  </datafield>
  <datafield tag="852" ind1=" " ind2=" ">
    <subfield code="a">NLR</subfield>
    <subfield code="j">83-3/3726</subfield>
  </datafield>
  <datafield tag="942" ind1=" " ind2=" ">
    <subfield code="c">BOOK</subfield>
  </datafield>
  <datafield tag="980" ind1=" " ind2=" ">
    <subfield code="a">NB</subfield>
  </datafield>
  <datafield tag="995" ind1=" " ind2=" ">
    <subfield code="5">2013-10-26</subfield>
    <subfield code="b">NLR01</subfield>
    <subfield code="c">NLR01</subfield>
    <subfield code="e">RF9</subfield>
    <subfield code="f">7432488-10</subfield>
    <subfield code="k">83-3/3726</subfield>
    <subfield code="o">0</subfield>
    <subfield code="r">BOOK</subfield>
    <subfield code="s">8333726_</subfield>
  </datafield>
</record>
